Freguesias de Vila Pouca de Aguiar - Statistics

Estatísticas Gerais
  • Esse quiz foi jogado 4 vezes
  • A pontuação média é 13 de 18
Estatísticas das Respostas
Número Freguesias % Correto
2 Alfarela de Jales
75%
3 Bornes de Aguiar
75%
4 Bragado
75%
5 Capeludos
75%
8 Parada de Monteiros
75%
9 Pensalvos
75%
10 Sabroso de Aguiar
75%
11 Santa Marta da Montanha
75%
12 Soutelo de Aguiar
75%
13 Telões
75%
14 Tresminas
75%
15 Valoura
75%
16 Vila Pouca de Aguiar
75%
17 Vreia de Bornes
75%
18 Vreia de Jales
75%
1 Afonsim
50%
7 Lixa do Alvão
50%
6 Gouvães da Serra
25%
Nenhum quiz correspondente encontrado
Distribuição das Pontuações
Porcentagem de Pessoas com Cada Pontuação
Percentil de Números Respondidos
Sua Pontuação Histórica
Você não jogou esse quiz